000 00851ctm a22002295a 4500
001 L141686
008 071213s1888 xxk eng u
035 _a(Sirsi) u141686
041 0 _aeng
110 2 _aSurveyors' Institution
_93783
245 0 1 _a[Document proposing the establishment of a regional committee in Somerset, Dorset and Bristol]
_h[manuscript]
260 _c19 March 1888
300 _a[4] p.
_c.33 x 21 cm.
340 _aManuscript
351 _cSingle item
500 _aItem is a letter suggesting that members in Somerset, Dorset and Bristol trial the system of local committees which it was felt would be necessary once the new system of examinations was introduced in August 1891.
651 4 _aBristol
651 4 _aSomerset
651 4 _aDorset
690 _aABOUT RICS-RICS STRUCTURE AND GOVERNANCE
942 _n0
999 _c116752
_d116752